Normal view
MARC view
- Medero, Marinés,
Entry Nombre Personal
001 - NUMERO DE CONTROL
- campo de control: 29206
003 - IDENTIFICADOR DE NUMERO DE CONTROL
- campo de control: UPN
005 - FECHA Y HORA DE LA ÜLTIMA TRANSACCIÓN
- campo de control: 20210219194401.0
008 - DATOS DE LONGITUD FIJA
- campo de control de longitud fija: nabaccnnaabn|||||||||| b |nc|||||d
035 ## - NUMERO DE CONTROL
- Número de control: UPN11000001312
040 ## - FUENTE DE CATALOGACIÓN
- Lenguaje de catalogación: SPA
- Agencia de transcripción: UPN
100 1# - ENCABEZAMIENTO - NOMBRE PERSONAL
- Nombre personal: Medero, Marinés,
- Fechas asociadas con el nombre: 1935-2009
670 ## - FUENTE EN LA QUE SE LOCALIZARON DATOS
- Cita de la fuente: T
- Uniform Resource Identifier: http://norte-monterrey.vlex.com.mx/vid/muere-escritora-marines-medero-77610208?_ga=1.221908504.1403184198.1433875287
680 ## - NOTA PUBLICA DE ACCESO PÚBLICO
- Frase explicativa de la referencia: Escritora cubana
902 ## - CATALOGADOR
- Catalogador: DAA/040804
